Urban myth of growing the regions (Record no. 74025)

MARC details
000 -LEADER
fixed length control field 01188cab a2200229 4500
001 - CONTROL NUMBER
control field ABS67384
008 - FIXED-LENGTH DATA ELEMENTS--GENERAL INFORMATION
fixed length control field 040106n2003 000 0 eng u
035 ## - SYSTEM CONTROL NUMBER
System control number (Sirsi) u124727
100 ## - MAIN ENTRY--PERSONAL NAME
Personal name Blackman, D.
245 ## - TITLE STATEMENT
Title Urban myth of growing the regions
260 ## - PUBLICATION, DISTRIBUTION, ETC.
Date of publication, distribution, etc. 2003
490 ## - SERIES STATEMENT
Series statement Axis
Volume/sequential designation 57(10) November/December 2003, 10-11(2)
520 ## - SUMMARY, ETC.
Summary, etc. Looks at criticisms of the government's growth plans for southeast England as being at the expense of urban regeneration and development in less well-off parts of the country, which contain the largest tracts of previously developed land. Summarises English Partnerships' development report "Towards a national brownfield strategy", which concludes that brownfield land is not being brought forward quickly enough to meet government redevelopment targets. View the report at www.englishpartnerships.gov.uk.
590 ## - LOCAL NOTE (RLIN)
Local note ABS
650 ## - SUBJECT ADDED ENTRY--TOPICAL TERM
Topical term or geographic name entry element GREENFIELD SITES
650 ## - SUBJECT ADDED ENTRY--TOPICAL TERM
Topical term or geographic name entry element BROWNFIELD SITES
650 ## - SUBJECT ADDED ENTRY--TOPICAL TERM
Topical term or geographic name entry element SOUTHEAST ENGLAND
650 ## - SUBJECT ADDED ENTRY--TOPICAL TERM
Topical term or geographic name entry element URBAN REGENERATION
690 ## - LOCAL SUBJECT ADDED ENTRY--TOPICAL TERM (OCLC, RLIN)
Topical term or geographic name as entry element REGENERATION
856 ## - ELECTRONIC LOCATION AND ACCESS
Uniform Resource Identifier <a href="https://www.englishpartnerships.gov.uk/pages/page_01.asp?PageID=441">https://www.englishpartnerships.gov.uk/pages/page_01.asp?PageID=441</a>
Public note View the report on the English Partnerships website...
942 ## - ADDED ENTRY ELEMENTS (KOHA)
Suppress in OPAC 0
Holdings
Withdrawn status Lost status Source of classification or shelving scheme Damaged status Not for loan Home library Current library Shelving location Date acquired Total Checkouts Full call number Barcode Date last seen Copy number Price effective from Koha item type
    Dewey Decimal Classification     London London Journal article 06/01/2004   ABS67384 124727-1001 06/08/2019 1 06/08/2019 Journal article